| 000 | 01448nam a2200277 i 4500 | ||
|---|---|---|---|
| 001 | 18352 | ||
| 003 | DO-SdUEMH | ||
| 005 | 20260122152754.0 | ||
| 007 | ta | ||
| 008 | 260122s2023 mx a|||gr|||| 00| 0 spa d | ||
| 020 | _a9786071520838 | ||
| 040 |
_aDO-SdUEMH _bspa _erda |
||
| 041 | _aspa | ||
| 082 | 1 | 4 |
_mCG _bB913 |
| 100 | 1 | _eaut | |
| 245 |
_aGoodman & Gilman: _blas bases farmacológicas de la terapéutica / _cLaurence L. Brunton, Björn C. knollmann ; Traductor: Armoise S. A de C.V. |
||
| 250 | _aDécima cuarta edición | ||
| 264 | 1 |
_aCiudad de México, México : _bMcGraw-Hill, LLC. _c2023 |
|
| 264 | 4 | _c©2023 | |
| 300 |
_axii, 1666 páginas : _bilustraciones ; _c27 cm. |
||
| 336 |
_2rdacontent _atexto _btxt |
||
| 337 |
_2rdamedia _asin mediación _bn |
||
| 338 |
_2rdacarrier _avolumen _bnc |
||
| 505 | 2 | _aPrincipios generales -- Descubrimiento de fármacos: de las plantas medicinales al diseño de fármacos asistido por computadora -- Farmacocinética: la dinámica de la absorción, distribución, metabolismo y eliminación de los fármacos -- Farmacodinámica: mecanismos moleculares de la acción farmacológica -- Transportadores de membrana y respuestas a los fármacos -- Metabolismo de los fármacos -- Microbioma gastrointestinal y respuesta a los fármacos -- Farmacogenética y farmacogenómica -- Seguridad de los fármacos después de la comercialización -- Principios de toxicología clínica. | |
| 942 |
_2ddc _cBK _n0 |
||
| 999 |
_c18352 _d18352 |
||